| 000 | 00892nam a2200229Ii 4500 | ||
|---|---|---|---|
| 003 | JO-AjNU | ||
| 008 | 230605s9999||||xx |||||||||||||| ||und|| | ||
| 017 | _a2009/10/4489 | ||
| 020 | _a9957-16-576-5 | ||
| 040 |
_aJO-AjNU _bara _erda _cJO-AjNU |
||
| 041 | _aara | ||
| 050 | 1 | 4 | _aK155.R3424.2010 |
| 100 | 3 |
_aرجيب ، بيان يوسف , _eauthor _912238 |
|
| 245 | 0 | 0 | _aدور الحيازة في الرهن الحيازي : دراسة موازنة بين التشريعات الوضعية والشريعة الإسلامية |
| 250 | _aط1 | ||
| 264 | 3 | 1 | _aعمان : دار الثقافة ، 2010 |
| 300 | _a536ص | ||
| 336 |
_atext _btxt _2rdacontent |
||
| 337 |
_aunmediated _bn _2rdamedia |
||
| 338 |
_avolume _bnc _2rdacarrier |
||
| 650 | 4 |
_aالرهونات - الرهن العقاري الحيازي -- القانون التجاري - الشريعة الإسلامية _912239 |
|
| 999 |
_aA2736 _c6304 _d6304 |
||